Statistics for Vegetables That Are Really Fruit

Click here to take the quiz!

General Stats

  • This quiz has been taken 94 times
  • The average score is 5 of 12

Answer Stats

Answer% Correct
tomato
100%
cucumber
71%
squash
54%
peppers
52%
pumpkin
52%
avocado
43%
eggplant
40%
peas
31%
beans
30%
corn
28%
olives
17%
okra
15%

Score Distribution

Percentile by Number Answered

Percent of People with Each Score

Your Score History

You have not taken this quiz